| 000 | 00815nam a2200241 a 4500 | ||
|---|---|---|---|
| 001 | 1354 | ||
| 003 | BR-CuiBMT | ||
| 005 | 20231205204344.0 | ||
| 008 | 231205s2021 mgba 000 0 por d | ||
| 020 | _a9786555181234 | ||
| 040 |
_aBR-CuiBMT _cBR-CuiBMT |
||
| 080 |
_22007 _a347.7 |
||
| 090 |
_a347.7 _bC737 |
||
| 245 | 0 | 0 |
_aCompliance para pequenas e médias empresas : _baportes teóricos e práticos para gestores, docentes e discentes / _cCristiane Petrosemolo Cola ; Luana Lourenço, Coordenadoras ; Prefácio: Marco Tulio Zanini. |
| 260 |
_aBelo Horizonte : _bFórum, _c2021. |
||
| 300 |
_a163 p. : _bil. ; _c22 cm |
||
| 504 | _aInclui bibliografia. | ||
| 650 | _aDireito empresarial | ||
| 650 | _aAdministração de empresas | ||
| 650 | _aContabilidade | ||
| 700 | 1 | _aLourenço, Luana | |
| 942 |
_2udc _cLV |
||
| 999 |
_c1354 _d1354 |
||